|
|
|
|
| LEADER |
00000nas a22000001a 4500 |
| 001 |
vtls010302511 |
| 003 |
SK-MaSNL |
| 005 |
20260228162856.0 |
| 008 |
110810d19511954xo br p r 0 b0slo |
| 015 |
|
|
|a SNBDS17XX9999
|
| 015 |
|
|
|a 1814
|2 Balúnová 1945-60
|
| 038 |
|
|
|a SNKBUDS
|
| 040 |
|
|
|a SNK
|b slo
|c SNK
|e AACR2
|
| 041 |
0 |
|
|a slo
|
| 044 |
|
|
|a xo
|c SK
|
| 080 |
|
|
|a 070.489
|2 2001
|
| 080 |
|
|
|a 614
|2 2001
|
| 245 |
0 |
0 |
|a Vírus
|b časopis zamestnancov Okresného ústavu národného zdravia v Trenčíne
|
| 260 |
|
|
|a Trenčín
|b ZS ROH pri Okresnom ústave národného zdravia v Trenčíne
|c 1951-1954
|
| 300 |
|
|
|a 4 roč.
|c 30 x 21 cm
|
| 310 |
|
|
|a 1x za dva mesiace
|
| 362 |
0 |
|
|a Roč. I, č. 1 (1951)-roč. IV, č. 4 (28.11.1954)
|
| 500 |
|
|
|a Vych. v Trenčíne dvojmesačne
|
| 500 |
|
|
|a Red. red. rada. Zodp. red. Zdenko Karšai
|
| 500 |
|
|
|a Vyd. ZS ROH pri Okresnom ústave národného zdravia v Trenčíne
|
| 500 |
|
|
|a Tlač. Merkantilné tlačiarne, n. p., prev. Trenčín
|
| 500 |
|
|
|a Podľa Zoznamu závodných a roľníckych časopisov Povereníctva kultúry k 1. júnu 1951 a 1952 časopis vychádzal aj v r. 1951 a 1952. V knižniciach sa tieto ročníky nezachovali. Posledné číslo 4/IV z 28. nov. 1954
|
| 505 |
8 |
0 |
|g Roč. I. 1951
|
| 505 |
8 |
0 |
|g Roč. II. 1952
|
| 505 |
8 |
0 |
|g Roč. III. 1953 2 č. po 6 s.
|
| 505 |
8 |
0 |
|g Roč. IV. 1954 4 č. po 6-8 s.
|
| 650 |
0 |
7 |
|a ústavy národného zdravia
|2 SNKBUDS
|9 272369
|
| 650 |
0 |
7 |
|a zdravotnícke zariadenia
|2 SNKBUDS
|9 3009
|
| 655 |
|
7 |
|a podnikové časopisy
|2 SNKBUDS
|9 265225
|
| 700 |
1 |
|
|a Karšai, Zdenko
|4 pbd
|9 272370
|
| 710 |
2 |
|
|a Okresný ústav národného zdravia (Trenčín)
|e vydav.
|9 272371
|
| 710 |
2 |
|
|a Merkantilné tlačiarne, n.p. (Bratislava, Slovensko)
|b prevádzka Trenčín
|e tlač.
|9 272372
|
| 852 |
|
|
|a SNK
|b 10000
|h ČSB 1435
|
| 852 |
|
|
|a UKB
|b 300000
|h 20 B 2877
|
| 852 |
|
|
|a SVKKK
|b 900000
|h C 412
|
| 852 |
|
|
|a UKB
|b 300000
|h SB 5456
|
| 999 |
|
|
|c 8484
|d 10414
|